Electric motor control fundamentals (Record no. 6555)

MARC details
000 -LEADER
fixed length control field 00889nac a22002531u 4500
010 ## - LIBRARY OF CONGRESS CONTROL NUMBER
LC control number 73012983
020 ## - INTERNATIONAL STANDARD BOOK NUMBER
International Standard Book Number 0070451036
022 ## - INTERNATIONAL STANDARD SERIAL NUMBER
International Standard Serial Number 070451036
082 00 - DEWEY DECIMAL CLASSIFICATION NUMBER
Classification number 621.462
Item number MCL
090 ## - LOCALLY ASSIGNED LC-TYPE CALL NUMBER (OCLC); LOCAL CALL NUMBER (OCLC)
-- 6555
-- 6555
100 ## - MAIN ENTRY--PERSONAL NAME
Personal name McIntyre, R. L.
245 10 - TITLE STATEMENT
Title Electric motor control fundamentals
Statement of responsibility, etc [by] R. L. McIntyre.
250 ## - EDITION STATEMENT
Edition statement 3d ed.
260 ## - PUBLICATION, DISTRIBUTION, ETC. (IMPRINT)
Place of publication, distribution, etc New York,
Name of publisher, distributor, etc McGraw-Hill, c.[1974].
Date of publication, distribution, etc c.[1974]
300 ## - PHYSICAL DESCRIPTION
Extent viii, 390 p.
Other physical details illus.
Dimensions 23 cm.
500 ## - GENERAL NOTE
General note First published in 1960 under title: A-c motor-control fundamentals.
500 ## - GENERAL NOTE
General note Distributer: Al-Ahram.
511 ## - PARTICIPANT OR PERFORMER NOTE
Participant or performer note Catalogued By: Mahitab.
650 #0 - SUBJECT ADDED ENTRY--TOPICAL TERM
Topical term or geographic name as entry element Electric controllers.
650 #0 - SUBJECT ADDED ENTRY--TOPICAL TERM
Topical term or geographic name as entry element Electric motors, Alternating current.
650 #0 - SUBJECT ADDED ENTRY--TOPICAL TERM
Topical term or geographic name as entry element Automatic control.
942 ## - ADDED ENTRY ELEMENTS (KOHA)
Item type Book - Borrowing
Call number prefix 621.462MCL
Holdings
Withdrawn status Item status Damaged status Not for loan Home library Current library Shelving location Date acquired Source of acquisition Total Checkouts Full call number Barcode Date last seen Date last borrowed Koha item type
        Central Library Central Library First floor 26/11/2007 Purchase 3 621.462MCL 000008048 15/07/2025 04/05/2010 Book - Borrowing